Դատահոգեբանական փորձաքննություն, տեսություն և պրակտիկա : (Record no. 526922)
[ view plain ]
| 000 -LEADER | |
|---|---|
| fixed length control field | 01636nam a2200265 a 4500 |
| 001 - CONTROL NUMBER | |
| control field | 1881300 |
| 003 - CONTROL NUMBER IDENTIFIER | |
| control field | AM-YEHGA |
| 005 - DATE AND TIME OF LATEST TRANSACTION | |
| control field | 20250618080111.0 |
| 008 - FIXED-LENGTH DATA ELEMENTS--GENERAL INFORMATION | |
| fixed length control field | 230118s2022 ai ||||gr|||||||||0|arm|d |
| 020 ## - INTERNATIONAL STANDARD BOOK NUMBER | |
| International Standard Book Number | 9789939929415 |
| 040 ## - CATALOGING SOURCE | |
| Original cataloging agency | AM-YeHGA |
| 041 0# - LANGUAGE CODE | |
| Language code of text/sound track or separate title | arm |
| 090 ## - LOCALLY ASSIGNED LC-TYPE CALL NUMBER (OCLC); LOCAL CALL NUMBER (RLIN) | |
| -- | 564798 |
| 245 00 - TITLE STATEMENT | |
| Title | Դատահոգեբանական փորձաքննություն, տեսություն և պրակտիկա : |
| Remainder of title | Ուսումնաօժանդակ ձեռնարկ / |
| Statement of responsibility, etc. | Մասնագիտ. խմբ.՝ Ս.Ռ. Գևորգյան, Լ.Լ. Լաչինյան. Ս.Հ. Առաքելյան ; Խ. Աբովյանի անվ. ՀՊՄՀ, Կրթության հոգեբանության և սոցիոլոգիայի ֆակուլտետ ; Ակադեմիկոս Մկրտիչ Մազմանյանի անվան հոգեբանության ամբիոն. |
| 260 ## - PUBLICATION, DISTRIBUTION, ETC. | |
| Place of publication, distribution, etc. | Երևան : |
| Name of publisher, distributor, etc. | Տիր, |
| Date of publication, distribution, etc. | 2022. |
| 300 ## - PHYSICAL DESCRIPTION | |
| Extent | 114 էջ ; |
| Dimensions | 21 սմ. |
| 500 ## - GENERAL NOTE | |
| General note | Նվիրվում է ՀՊՄՀ 100-ամյակին |
| 650 14 - SUBJECT ADDED ENTRY--TOPICAL TERM | |
| Topical term or geographic name entry element | Իրավաբանական հոգեբանություն |
| 9 (RLIN) | 8438 |
| 650 14 - SUBJECT ADDED ENTRY--TOPICAL TERM | |
| Topical term or geographic name entry element | Դատահոգեբանական փորձաքննություն |
| 700 1# - ADDED ENTRY--PERSONAL NAME | |
| Personal name | Գևորգյան, Ս.Ռ |
| Relator term | խմբ. |
| Relationship | edt |
| 700 1# - ADDED ENTRY--PERSONAL NAME | |
| Personal name | Լաչինյան,Լ.Լ. |
| Relator term | խմբ. |
| Relationship | edt |
| 700 1# - ADDED ENTRY--PERSONAL NAME | |
| Personal name | Առաքելյան, Ս.Հ. |
| Relator term | խմբ. |
| Relationship | edt |
| 710 2# - ADDED ENTRY--CORPORATE NAME | |
| Corporate name or jurisdiction name as entry element | Խաչատուր Աբովյանի անվան հայկական պետական մանկավարժական համալսարան ։ |
| Subordinate unit | Կրթության հոգեբանության և սոցիոլոգիայի ֆակուլտետ ; |
| -- | Ակադեմիկոս Մկրտիչ Մազմանյանի անվան հոգեբանության ամբիոն |
| 942 ## - ADDED ENTRY ELEMENTS (KOHA) | |
| Source of classification or shelving scheme | Universal Decimal Classification |
| Koha item type | Գրքեր / Books |
| Withdrawn status | Lost status | Source of classification or shelving scheme | Damaged status | Not for loan | Collection | Home library | Current library | Date acquired | Total checkouts | Full call number | Barcode | Date last seen | Price effective from | Koha item type | Public note |
|---|---|---|---|---|---|---|---|---|---|---|---|---|---|---|---|
| Universal Decimal Classification | General | Fundamental Scientific Library | Fundamental Scientific Library | 18/01/2023 | AII/109327 | FL0678002 | 18/01/2023 | 18/01/2023 | Գրքեր / Books | 30 Days Loan |
ՀՀ Գիտությունների ազգային ակադեմիայի հիմնարար գիտական գրադարան = Fundamental Scientific Library of NAS RA
All site content, except where otherwise noted, is licensed under a